000 00821nam a22002777a 4500
003 CHAP
005 20220329134900.0
008 971013s1967 r 00010 d
010 _a27444
011 _a28416
035 _a32520
040 _cCHAP
082 _a580.16
_bK4
100 0 0 _aKent, Douglas H.
_963057
245 _aIndex to botanical monographs and taxonomic papers...
260 _aLondon :
_bAcademic Press,
_c1967
300 _a163 p.
590 _aBATCH-UPD
_b10
_c20130110
_lUCH01
_h2211
590 _aBATCH-UPD
_b10
_c20130410
_lUCH01
_h1513
590 _aBATCH-UPD
_b10
_c20130914
_lUCH01
_h0730
590 _aCONVERSION
_b10
_c20130109
_lUCH01
_h1316
650 1 4 _aBotánica
_xBibliografĂ­a.
_914498
901 _aBK
942 _cLIBRO
949 _a580.16 K4
_bBC
_cC
_d33724000517892
_eC
_h13867
_i32520
_si
999 _c27444
_d27444